000 00249nam a2200109Ia 4500
008 190216s9999||||xx |||||||||||||| ||und||
100 _aIrving Kaplan
245 0 _aNuclear Bhouthikam
260 _bBhasha Institute
650 _aPhysics
942 _cBK
999 _c38414
_d38414